[Event "AUT-ch Open 2020"]
[Site "Graz"]
[Date "2020.02.18"]
[Round "6.17"]
[White "Tisaj, Domen"]
[Black "Eizaguerri Floris, Maria"]
[Result "1-0"]
[WhiteElo "2245"]
[BlackElo "2014"]
[Annotator "TA"]
[PlyCount "55"]
[EventDate "2020.02.14"]
[EventType "swiss"]
[EventCountry "AUT"]
[SourceTitle "playchess.com"]
[Source "ChessBase"]
[SourceQuality "1"]

{[%evp 14,55,20,19,20,20,25,10,17,16,95,30,69,32,31,43,11,6,30,34,45,34,37,33,36,28,114,126,125,125,100,15,15,15,16,23,62,65,516,503,29987,29988,29988,29989]} 1. Nf3 d5 2. b3 Nf6 3. Bb2 e6 4. e3 c6 5. d4 Nbd7 6. Nbd2 Bd6 7. Bd3 O-O 8. O-O b6 {D05: Colle System with ...e6.} 9. Ne5 Bb7 10. f4 c5 {The position is equal.} 11. Qf3 {[#]} Qc8 $146 (11... Rc8 $11 {remains equal.}) ({Predecessor:} 11... g6 12. Rad1 Ne8 13. Qh3 cxd4 14. Bxd4 Nc5 15. Rf3 Qe7 16. Nc6 {1-0 (16) Jussupow,A (2584)-Jayakumar,A (2291) Arlington 2015}) 12. c3 ({White should play} 12. Nxd7 $16 Nxd7 13. Qg3) 12... Ba6 13. Bxa6 (13. c4 {seems wilder.} Qb7 14. Qg3 Rad8 15. Rf2 Be7 16. Re1) 13... Qxa6 14. Nxd7 Nxd7 15. e4 cxd4 16. exd5 exd5 17. Qxd5 {[%mdl 64] Double Attack} dxc3 18. Bxc3 (18. Qxd6 cxb2 19. Rab1 Nc5 $17) 18... Bc5+ 19. Kh1 Rfd8 {[#]} (19... Rad8 $1 $11 {keeps the balance.}) 20. Ne4 $1 $16 {[%cal Re4g5] Ng5 is the strong threat.} Nf8 {[#]} 21. Qe5 $1 {[%csl Gc3][%cal Re5g7]} Ne6 22. f5 $40 {[%mdl 128] White has some attack.} ({Better is} 22. Rae1 $16 {Hoping for Rf3.} Bd4 23. Bxd4 Nxd4 24. Nd6) 22... Bd4 $11 23. Bxd4 Nxd4 24. f6 g6 25. Nd6 {[%cal Be4d6,Bd6f7,Bf7h6][%mdl 32]} Qa3 $2 {[%mdl 8192] [#]} (25... Ne6 $1 $14) 26. Nxf7 $1 $18 {[%mdl 512] Nh6+ would kill now.} Rd7 (26... Qc5 $18 27. Qxc5 bxc5) (26... Kxf7 27. Qc7+) 27. Nh6+ Kf8 28. f7 {Accuracy: White = 72%, Black = 48%.} 1-0

[Event "AUT-ch Open 2020"]
[Site "Graz"]
[Date "2020.02.18"]
[Round "6.18"]
[White "Ninov, Dayan"]
[Black "Karthikeyan, P.."]
[Result "1/2-1/2"]
[WhiteElo "2242"]
[BlackElo "2406"]
[Annotator "TA"]
[PlyCount "60"]
[EventDate "2020.02.14"]
[EventType "swiss"]
[EventCountry "AUT"]
[SourceTitle "playchess.com"]
[Source "ChessBase"]
[SourceQuality "1"]

{[%evp 17,60,7,10,11,21,0,0,0,7,4,12,12,5,8,39,29,38,29,35,31,38,31,33,0,0,0,0,0,0,0,0,0,0,0,0,0,0,0,0,0,27,0,0,0,9]} 1. e4 e5 2. Nf3 Nc6 3. Nc3 Nf6 4. d4 exd4 5. Nxd4 Bb4 6. Nxc6 bxc6 7. Bd3 O-O 8. O-O Re8 9. Qf3 Rb8 10. Bg5 {C47: Scotch Four Knights and Four Knights with 4 g3.} Bd6 11. Bxf6 (11. Rab1 {with more complications.} Be5 12. Bf4 Bxf4 13. Qxf4 d6 14. b3) 11... Qxf6 12. Qxf6 gxf6 13. Na4 {[#]} c5 $146 ({Predecessor:} 13... Be5 14. Rae1 d6 15. c3 f5 16. exf5 Bd7 17. f4 Bf6 18. Rxe8+ Rxe8 19. Kf2 c5 {0-1 (33) Paehtz,E (2453)-Bok,B (2620) Douglas 2017}) 14. b3 Bb7 15. Rae1 Re7 (15... c4 $5 16. Bxc4 Bxe4 $11) 16. Re3 Rbe8 {[%cal Rb7e4]} 17. Rfe1 c4 18. Bxc4 Bxe4 19. Bd3 {[%cal Rd3e4]} f5 20. f3 (20. Nc3 {feels hotter.} Bxd3 21. Rxe7 Rxe7 22. Rxe7 Bxe7 23. cxd3 c6 24. Kf1) 20... Bxd3 21. Rxe7 Rxe7 22. Rxe7 Bxe7 23. cxd3 $11 {[%mdl 4096] Endgame KB-KN} Bf6 24. Kf1 Bd4 25. Ke2 Kg7 26. Kd2 Kf6 27. Nc3 Ke5 28. Ne2 c5 29. Kc2 f4 30. Kd2 h6 {Accuracy: White = 88%, Black = 89%.} 1/2-1/2

[Event "AUT-ch Open 2020"]
[Site "Graz"]
[Date "2020.02.18"]
[Round "6.18"]
[White "Bodrogi, Bendeguz"]
[Black "Frosch, Erich"]
[Result "1-0"]
[WhiteElo "2032"]
[BlackElo "2210"]
[Annotator "TA"]
[PlyCount "111"]
[EventDate "2020.02.14"]
[EventType "swiss"]
[EventCountry "AUT"]
[SourceTitle "playchess.com"]
[Source "ChessBase"]
[SourceQuality "1"]

{[%evp 9,111,20,104,108,110,46,115,98,115,100,119,95,131,80,105,100,174,88,88,75,73,72,129,117,128,116,279,305,283,244,387,326,370,247,329,307,658,619,593,507,788,397,582,172,302,295,285,240,639,439,783,258,242,248,786,282,721,279,322,317,331,333,280,271,461,448,494,475,457,0,0,0,492,475,947,947,947,947,919,903,813,436,413,383,391,0,350,0,890,881,864,864,854,836,843,779,5651,2175,29979,29980,29980,29981,29978,29973]} 1. Nf3 b6 2. g3 Bb7 3. Bg2 e6 4. c4 Be7 5. O-O g5 (5... Nf6 $11) 6. Nc3 {[#] A13: English Opening: 1...e6.} h5 $146 ({Predecessor:} 6... g4 7. Ne1 Bxg2 8. Nxg2 h5 9. e4 Na6 10. d4 Qc8 11. f3 Qb7 12. fxg4 hxg4 13. Qxg4 {1-0 (31) Galls Aguirre,J (2067)-Rosales Murillo,C (1677) Guayaquil 2012}) 7. e4 (7. d4 $16) 7... d6 ({Better is} 7... g4 $1 $14) 8. d4 $16 {White is better.} Nd7 9. Be3 h4 10. Qe2 Nh6 11. Qd2 (11. gxh4 $142 gxh4 12. Bh3) 11... hxg3 12. fxg3 {[%cal Rf3g5]} Rg8 (12... Ng4 $16) 13. Rad1 (13. h4 $1 $18) 13... Ng4 14. Kh1 Nxe3 15. Qxe3 g4 (15... c5 $142) 16. Ne1 $1 Bg5 17. Qe2 $40 {[%mdl 128] White attacks with force.} Bh6 $2 (17... e5 $16) 18. e5 $18 Qc8 19. Ne4 Bf8 (19... dxe5 $142 20. dxe5 Kf8) 20. Nc2 ({Not} 20. Qf2 Rg7 $18) 20... Be7 21. Qf2 Rg7 22. Qf4 d5 $2 (22... Kf8 23. Ne3 dxe5 24. dxe5 Nc5) 23. cxd5 Bxd5 24. Ne3 c6 (24... Kf8 $142 25. Nxd5 exd5) 25. Nxg4 Qa6 (25... Qc7 {was called for.} 26. Nh6 O-O-O 27. Nxf7 Rdg8 28. Ned6+ Kb8 29. Bxd5 exd5) 26. Nc3 $2 (26. Ngf6+ Bxf6 27. exf6) 26... O-O-O (26... Bg5 $142 27. Nxd5 cxd5) 27. Nxd5 cxd5 28. Rc1+ Kb7 $2 (28... Kb8) 29. Nf6 {Hoping for Nxd5!} Nb8 (29... Nf8 $142 30. Rc3 Kb8) 30. Qd2 $2 (30. Qh6 Bxf6 31. Rxf6) 30... Bxf6 31. Rxf6 {Threatens to win with Qh6.} ({Don't do} 31. exf6 $6 Rgg8 $16) 31... Nc6 $2 (31... Qa4 32. Qh6 (32. Qc3 Qc6 $18) 32... Rdg8) 32. Rcf1 $2 (32. Qh6 Rdg8 33. Rxf7+ $1 {[%mdl 576] Remove Defender, Decoy} Rxf7 34. Qxe6 {[%mdl 64] Double Attack}) 32... Qc4 $2 (32... Kb8 33. Rxf7 Rxf7 34. Rxf7 Qxa2) 33. Rxf7+ $2 (33. Qh6 Rgg8 34. Rxf7+ Ka8 {[#]} 35. Rc1 $1 {[%mdl 512]} Qxa2 36. Qxe6) 33... Rxf7 34. Rxf7+ Kb8 35. Rf4 Qxa2 36. Bh3 Na5 $2 (36... Qb1+ {was worth a try.} 37. Kg2 Qg6) 37. Bxe6 Qb1+ 38. Kg2 Nc4 39. Qb4 $2 (39. Qe2 $18) 39... Qc2+ $11 40. Kg1 {aiming for Qe7.} Ne3 $2 {[%mdl 8192]} (40... Qd1+ $11 41. Kf2 Qc2+ 42. Kg1 Qd1+ 43. Kg2 Qe2+ 44. Kg1 Qd1+) 41. Bh3 $18 Rh8 (41... Qc1+ $142 42. Kf2 Nd1+ 43. Kg2 Qxb2+ 44. Qxb2 Nxb2) 42. Rf8+ Rxf8 43. Qxf8+ Kb7 44. Qf7+ Kb8 45. Qe8+ Kb7 46. Qe7+ Kb8 47. Qf8+ Kb7 48. Qf7+ $2 (48. Qf3 Qd2 49. Qf7+ Ka6 50. Bf1+ b5 51. Qf2) 48... Kb8 $1 49. Qf4 Qb1+ 50. Kf2 {Qf8+ would kill now.} Nd1+ 51. Ke2 {White wants to mate with Qf8+.} Qc2+ 52. Qd2 Qxd2+ 53. Kxd2 Nxb2 54. Bf1 {White mates.} Kc7 55. Kc2 Na4 56. Bb5 {Accuracy: White = 52%, Black = 28%.} 1-0

[Event "AUT-ch Open 2020"]
[Site "Graz"]
[Date "2020.02.18"]
[Round "6.19"]
[White "Ioannidis, Evgenios"]
[Black "Papakonstantinou, Dimitrios"]
[Result "1-0"]
[WhiteElo "2399"]
[BlackElo "2275"]
[Annotator "TA"]
[PlyCount "55"]
[EventDate "2020.02.14"]
[EventType "swiss"]
[EventCountry "AUT"]
[SourceTitle "playchess.com"]
[Source "ChessBase"]
[SourceQuality "1"]

{[%evp 17,55,15,19,8,16,0,3,0,0,0,16,0,3,3,6,0,0,0,0,0,0,0,6,14,18,9,25,3,95,115,112,98,102,98,386,295,295,295,401,391]} 1. d4 Nf6 2. Nf3 g6 3. g3 Bg7 4. Bg2 O-O 5. O-O d6 6. Re1 Nbd7 7. e4 e5 8. Nc3 c6 9. a4 Qc7 10. Bg5 {B07: Pirc Defence: Miscellaneous Systems.} Re8 11. h3 b6 12. Qd2 {The position is equal.} a6 {[#]} 13. Red1 $146 ({Predecessor:} 13. Rad1 Bb7 14. dxe5 dxe5 15. Qd6 Qxd6 16. Rxd6 Bf8 17. Rd3 Kg7 18. Red1 Nc5 19. Bxf6+ Kxf6 {½-½ (36) Kuznetsov,M (2179)-Bykov,E (2062) Moscow 2007}) 13... Rb8 14. Bh6 b5 15. Bxg7 Kxg7 16. axb5 axb5 17. b4 Nb6 18. dxe5 dxe5 19. Qd6 Qxd6 20. Rxd6 Bb7 21. Bf1 Nfd7 22. Rad1 Rbd8 (22... Re7 $11 {keeps the balance.}) 23. h4 $16 Kf8 24. Bh3 $36 {[%cal Rh3d7][%mdl 2048] White has strong initiative.} Ke7 25. Ng5 f6 $2 {[%mdl 8192]} (25... Rf8 $16 26. Kg2 (26. Nxh7 Nb8 $14) 26... Nf6 27. Rxd8 Rxd8) 26. Re6+ Kf8 27. Nxh7+ {[%mdl 64] [#] Double Attack} Kf7 28. Red6 {Accuracy: White = 93%, Black = 65%.} 1-0

[Event "AUT-ch Open 2020"]
[Site "Graz"]
[Date "2020.02.18"]
[Round "6.19"]
[White "Skurniak, Szymon"]
[Black "Modler, Andreas"]
[Result "0-1"]
[WhiteElo "1942"]
[BlackElo "2225"]
[Annotator "TA"]
[PlyCount "58"]
[EventDate "2020.02.14"]
[EventType "swiss"]
[EventCountry "AUT"]
[SourceTitle "playchess.com"]
[Source "ChessBase"]
[SourceQuality "1"]

{[%evp 9,72,13,2,25,13,20,14,-8,-8,-8,-5,18,65,6,0,0,13,-14,0,0,0,-18,22,-34,-37,-76,-99,-90,-95,-150,-138,-179,-127,-134,-136,-154,-143,-158,-157,-156,-126,-197,-198,-236,-197,-190,-168,-218,-189,-197,-152,-147,-157,-145,-144,-504,-512,-810,-526,-521,-483,-5939,-8731,-29993,-29994]} 1. e4 c5 2. Nf3 e6 3. b3 a6 4. c4 Nc6 5. Bb2 Nf6 6. e5 {B40: Sicilian: 2...e6, Unusual lines.} Ng4 7. h3 Nh6 8. g4 {The position is equal.} Be7 9. Bg2 O-O 10. O-O {[#]} Qc7 $146 ({Predecessor:} 10... d6 11. d4 cxd4 12. Nxd4 Qc7 13. exd6 Bxd6 14. Nxc6 bxc6 15. Qf3 Ra7 16. c5 Bh2+ {1-0 (52) Schwabeneder,F (2396)-Nagy,G (2472) Austria 2018}) 11. Re1 ({White should play} 11. d4 $1 $14 cxd4 12. Nxd4 (12. Bxd4 Nxd4 13. Qxd4 f5 $15)) 11... d6 $11 12. d3 Rd8 13. Nbd2 dxe5 14. Nxe5 Nd4 15. Ndf3 Bd6 (15... f6 $5 {[%cal Rf6e5]} 16. Nxd4 cxd4 $11) 16. Qd2 ({Of course not} 16. Bxd4 cxd4 17. c5 Bxc5 $15) (16. Nxd4 $11 Bxe5 17. Rxe5 Qxe5 {[%mdl 64] Pin} 18. Nc6 $1 {[%mdl 512]} Qxb2 19. Nxd8) 16... f6 $15 17. Bxd4 cxd4 18. g5 Nf5 $36 {[%mdl 2048] White is under strong pressure.} ({Reject} 18... Bxe5 $6 19. Nxe5 Nf5 20. Ng4 $14) 19. gxf6 ({Better is} 19. Ng4) 19... gxf6 $17 20. Ng4 Qg7 (20... Bf4 $19 21. Qb2 Kf7) 21. Re4 Kh8 22. Kh1 e5 23. Ngh2 Ne7 24. Rg1 Bd7 25. Bf1 {[#]} (25. Nh4 $17) 25... Qf7 $1 $19 26. Qh6 Nf5 27. Qc1 Rg8 28. Reg4 Ne7 29. R4g3 Rxg3 {Played: Bd7-c6} 0-1

[Event "AUT-ch Open 2020"]
[Site "Graz"]
[Date "2020.02.18"]
[Round "6.20"]
[White "Niedbala, Bartlomiej"]
[Black "Wahlund, Max"]
[Result "1-0"]
[WhiteElo "2432"]
[BlackElo "2147"]
[Annotator "TA"]
[PlyCount "69"]
[EventDate "2020.02.14"]
[EventType "swiss"]
[EventCountry "AUT"]
[SourceTitle "playchess.com"]
[Source "ChessBase"]
[SourceQuality "1"]

{[%evp 9,69,0,9,-5,-6,-12,-12,-14,20,7,16,-2,-2,0,0,0,0,-6,0,0,0,0,0,0,6,3,10,7,14,-12,43,25,41,8,12,6,7,7,10,0,5,0,0,0,26,22,57,35,137,137,210,210,254,235,412,399,475,476,548,547,1297,1284]} 1. d4 Nf6 2. Nf3 d5 3. Bf4 Bf5 4. e3 e6 5. Be2 Bd6 6. Bg3 {D02: 1 d4 d5 2 Nf3 sidelines, including 2...Nf6 3 g3 and 2...Nf6 3 Bf4.} O-O 7. O-O Bxg3 8. hxg3 {[#] The position is equal.} c5 $146 ({Predecessor:} 8... Nbd7 9. Nbd2 c5 10. c3 Rc8 11. Rc1 Qb6 12. Qb3 c4 13. Qa3 Ne4 14. Nxe4 Bxe4 {½-½ (31) Aristorenas,C-Kunanantakul,K (1167) Pattaya 2019}) 9. dxc5 Qa5 10. Nd4 Qxc5 11. Nxf5 exf5 12. Nd2 Nc6 13. c3 Rad8 14. Nb3 Qb6 15. a4 a5 16. Bb5 Ne4 17. Nd4 Nxd4 18. Qxd4 Qxd4 (18... Qe6 {is more complex.} 19. b4 b6 20. Rfd1 Rd6 21. Bd3 Rc6) 19. exd4 f6 ({Better is} 19... Rd6 $11) 20. Bd3 Rfe8 21. Bxe4 fxe4 $14 {[%mdl 4096] Endgame KRR-KRR} 22. Ra3 Rd6 23. Rb3 b6 24. Re1 Kf7 25. Kf1 f5 26. Ke2 Rh6 27. Rb5 Rd8 28. Ke3 Rdd6 {[#]} (28... Rhd6 $14) 29. c4 $1 $16 {[%mdl 512]} Rhe6 (29... Rc6 $16 {was necessary.}) (29... dxc4 30. Rxf5+) 30. Rc1 $18 ({Resist} 30. Rxd5 $6 Rxd5 31. cxd5 Rd6 $16) 30... g6 {Black hopes to continue with ...dxc4.} 31. cxd5 Rf6 $2 (31... Re8 32. Rc7+ Re7) 32. Rc7+ Kg8 33. Kf4 {White is clearly winning.} Rf7 34. Rc6 Rff6 35. Rbxb6 {Accuracy: White = 96%, Black = 55%.} 1-0

[Event "AUT-ch Open 2020"]
[Site "Graz"]
[Date "2020.02.18"]
[Round "6.20"]
[White "Steindl, Johannes"]
[Black "Menezes, Christoph"]
[Result "1/2-1/2"]
[WhiteElo "2273"]
[BlackElo "2273"]
[Annotator "TA"]
[PlyCount "75"]
[EventDate "2020.02.14"]
[EventType "swiss"]
[EventCountry "AUT"]
[SourceTitle "playchess.com"]
[Source "ChessBase"]
[SourceQuality "1"]

{[%evp 22,75,47,22,30,23,33,37,22,11,16,-16,-20,-62,-63,-140,0,-24,-34,-35,-31,-27,-27,-34,-27,-24,-7,-19,-39,-109,-82,-92,-88,-85,-92,-85,-93,-91,0,0,0,0,0,0,0,0,0,0,0,0,0,0,0,0,0,0]} 1. e4 e5 2. Nf3 Nc6 3. Bb5 a6 4. Ba4 Nf6 5. O-O Be7 6. Re1 b5 7. Bb3 d6 8. c3 O-O 9. h3 Bb7 10. d4 Nd7 11. Nbd2 {[%cal Bb1d2,Bd2f1,Bf1g3][%mdl 32]} Bf6 12. Nf1 exd4 {C92: Closed Ruy Lopez: 9...Be6, Karpov and Flohr-Zaitsev Variations.} 13. cxd4 Na5 14. Bc2 Re8 {White is slightly better.} 15. Ng3 g6 $1 16. Bf4 c5 17. dxc5 dxc5 {[#]} 18. Nh2 $146 (18. Rb1 $15) ({Predecessor:} 18. Rb1 Nc4 19. Qc1 Nde5 20. Nh2 h5 21. b3 Nb6 22. Be3 {1-0 (55) Nguyen,N (2634)-Borisek,J (2565) Berlin 2015}) 18... Be5 (18... Bxb2 $17 19. Ng4 Bg7 20. Nh6+ Bxh6 21. Bxh6 Nc6) 19. Bxe5 Nxe5 20. f4 Qxd1 21. Raxd1 Nec4 22. Ng4 Red8 $36 {[%mdl 2048] Black has the initiative.} 23. e5 Nxb2 24. Rxd8+ Rxd8 25. f5 (25. e6 $1 $15 fxe6 26. Rxe6) 25... Rd2 $1 $17 {[%cal Rd2c2]} 26. Be4 Rd1 27. Rxd1 Nxd1 28. Nf6+ Kg7 29. Nd7 c4 {[#]} (29... Bc8 $17 30. f6+ (30. Nxc5 Nc3 $15) 30... Kg8 31. Nxc5 Nc3) 30. Nh5+ $1 $11 {[%mdl 512] The position is equal.} Kg8 ({Wrong is} 30... gxh5 $2 31. f6+ Kg8 {[#]} 32. Bxh7+ $1 {[%mdl 512]} Kxh7 33. e6 $1 $18 {[%mdl 512]}) (30... Kh8 $5 31. e6 $8 fxe6 32. fxe6 Bc6 $16) 31. Nhf6+ Kg7 {White must now prevent ...Bxe4.} 32. Ne8+ Kg8 $1 33. e6 fxe6 34. fxe6 {White threatens Nef6+ and mate.} Bc6 $1 35. Nef6+ Kg7 36. Ne8+ Kg8 37. Nef6+ Kg7 38. Ne8+ {Accuracy: White = 78%, Black = 91%.} 1/2-1/2

[Event "AUT-ch Open 2020"]
[Site "Graz"]
[Date "2020.02.18"]
[Round "6.21"]
[White "Rathnakaran, K.."]
[Black "Dragnev, Valentin"]
[Result "0-1"]
[WhiteElo "2334"]
[BlackElo "2549"]
[Annotator "TA"]
[PlyCount "116"]
[EventDate "2020.02.14"]
[EventType "swiss"]
[EventCountry "AUT"]
[SourceTitle "playchess.com"]
[Source "ChessBase"]
[SourceQuality "1"]

{[%evp 13,116,6,23,6,26,0,0,-22,-17,-34,-34,-41,-52,-100,-74,-68,-60,-64,-56,-47,-32,-120,-123,-125,-127,-131,-85,-127,-70,-114,-59,-188,-40,-132,-127,-184,-179,-177,-191,-188,-138,-137,-94,-192,-193,-197,-188,-245,-110,-179,-102,-134,-59,-96,-78,-126,-125,-207,-66,-135,-111,-168,-168,-168,-134,-168,-168,-190,-168,-185,-164,-170,-185,-202,-105,-198,-205,-218,-207,-194,-204,-210,20,25,31,25,8,-336,-363,-333,-364,-669,-630,-633,-633,-508,-422,-745,-669,-721,-695,-960,-795,-715,-365]} 1. e4 e5 2. Nf3 Nc6 3. Bc4 Bc5 4. c3 Nf6 5. d3 O-O 6. O-O d6 7. a4 {Recently 7.Re1 got a lot of attention.} a6 8. h3 {C54: Giuoco Piano: 4 c3 Nf6, main lines with 5 d4 and 5 d3.} Ba7 9. Bg5 h6 10. Bh4 {The position is equal.} g5 11. Nxg5 hxg5 12. Bxg5 Kg7 {[#]} 13. Kh1 $146 ({Predecessor:} 13. Qf3 Rh8 14. Nd2 Kg6 15. Be3 Kg7 16. Bg5 Kg6 17. Be3 Kg7 18. Rae1 Be6 19. Qg3+ {1-0 (43) Nepomniachtchi,I (2767)-Fressinet,L (2672) Doha 2016}) 13... Be6 14. Na3 Qe8 15. f4 Nh7 $1 {aiming for ...f5.} 16. Qh5 f6 17. Bh6+ (17. Qh6+ $15 Kg8 18. Rf3 (18. Bxe6+ Qxe6 19. Bh4 Be3 $17) 18... exf4 19. Bxf4) 17... Kh8 $17 18. Qh4 Rg8 19. f5 Bxc4 20. Nxc4 Nd8 ({Black should try} 20... Qd7 $17 21. Nd2 Nd8) 21. Bc1 Nf7 (21... Qc6 $17 22. Be3 d5) 22. Re1 (22. Be3 $15) 22... Kg7 (22... Qd7 $19 23. Be3 d5 24. exd5 Qxd5) 23. Ne3 ({Better is} 23. Be3 $15) 23... Rh8 24. Nd5 (24. Qh5 $17) 24... Nhg5 $19 25. Qg3 Qd7 $1 (25... c6 26. Nc7 $14) 26. Be3 Bxe3 27. Rxe3 Rag8 (27... c6 28. Nb6 $14) 28. c4 (28. a5 $17 {was necessary.}) 28... c6 29. Nc3 Kf8 {...Nxh3 is the strong threat.} 30. Qe1 {[#]} (30. Qf2 $142) 30... Nh6 (30... Nxh3 $1 $19 {[%mdl 512] is more deadly.} 31. Rxh3 (31. gxh3 $2 Ng5 $19) 31... Ng5 32. Rxh8 Rxh8+ 33. Kg1 Nf3+ $1 {[%mdl 512]} 34. gxf3 Qg7+ 35. Kf1 (35. Kf2 $2 {leads to mate.} Rh2+ 36. Ke3 Qh6+ 37. f4 Qxf4#) 35... Rh1+ 36. Ke2 Rxe1+ 37. Rxe1 Qg2+ 38. Ke3 Qxb2) 31. b4 (31. Rg3 $17 {was called for.}) 31... Rg7 (31... Qh7 $1 $19 32. Qf1 Qc7) 32. b5 Ng8 (32... Rgh7 $17 33. Rb1 Nxf5 $1 {[%mdl 512]} 34. exf5 Nxh3 $1 {[%mdl 512]} 35. gxh3 Qxf5) 33. bxa6 bxa6 34. a5 Qa7 $1 35. Na4 (35. Rg3 $17 {was worth a try.}) 35... Ne7 (35... Rgh7 $1 $19 {[%cal Rg5h3] Hoping for ...Nxh3!} 36. Kh2 Ne7) 36. c5 (36. Rb1 $15) 36... d5 $17 ({Don't take} 36... dxc5 37. Rc1 $15) 37. Nb6 (37. Rb1 $17) 37... Kf7 $19 38. Rb1 Rd8 39. Rb4 Qc7 40. Qe2 Rh7 41. Kg1 Kg7 42. Qe1 Kh8 43. Rg3 Nc8 (43... dxe4 $19 44. dxe4 Ng8) 44. Rg4 (44. Nxc8 $17 Rxc8 45. Rb6 dxe4 46. dxe4) 44... Na7 $1 45. h4 Nf7 46. Rg6 Qe7 47. Qe3 {next exd5 is good for White.} Nb5 $2 (47... dxe4 $19 48. Rxe4 Nb5) 48. exd5 $11 cxd5 49. Rbg4 {Threatens to win with Nxd5!} d4 50. Qd2 $2 {[%mdl 8192]} (50. Qg3 $1 $11 {and White stays safe.} Qe8 51. Rxf6) 50... Nc3 $19 ({Don't blunder} 50... Qxc5 $2 51. Nd7 $1 $18 {[%mdl 512]}) 51. c6 {[#] intending Nd7.} e4 $1 {[%cal Re4e3]} 52. Nd7 $2 (52. dxe4 Ne5 {[%mdl 64] Double Attack} 53. Nd7 Nxg4 54. Rxg4) 52... e3 {Black is clearly winning.} 53. Qe1 Ne5 54. Rxd4 Nxc6 {[%mdl 64] Double Attack} (54... Nxd7 $2 55. cxd7 e2 56. Rdg4 $19) 55. Rc4 (55. Rdg4 $142 Nd5 56. Nb6) 55... Qxd7 {[%mdl 64] Double Attack} 56. Rxf6 Nd4 {Strongly threatening ...Nce2+.} 57. Rxc3 {[#]} Qg7 $1 {( -> ...Nf3+!)} 58. Rg6 Ne2+ {Accuracy: White = 35%, Black = 62%.} 0-1

[Event "AUT-ch Open 2020"]
[Site "Graz"]
[Date "2020.02.18"]
[Round "6.21"]
[White "Kravanja, Georg"]
[Black "Murray, David"]
[Result "0-1"]
[WhiteElo "2262"]
[BlackElo "2145"]
[Annotator "TA"]
[PlyCount "70"]
[EventDate "2020.02.14"]
[EventType "swiss"]
[EventCountry "AUT"]
[SourceTitle "playchess.com"]
[Source "ChessBase"]
[SourceQuality "1"]

{[%evp 25,70,0,0,1,5,-22,-26,-72,-72,-77,-67,-246,1,6,47,56,64,73,74,-4,88,97,93,93,93,93,91,90,98,55,74,52,64,0,0,0,164,0,0,-112,-108,-29994,-29995,-29995,-29992,-29992,-29993]} 1. d4 Nf6 2. c4 c5 3. d5 b5 4. cxb5 a6 {[%cal Ba7a6,Ba6b5,Bb5b4][%mdl 32]} 5. f3 axb5 6. e4 Qa5+ 7. Bd2 b4 8. Na3 d6 9. Nc4 Qd8 10. a3 e6 11. dxe6 Bxe6 12. axb4 Rxa1 13. Qxa1 d5 14. exd5 {A57: Benko/Volga Gambit.} Nxd5 15. Qa4+ Nd7 {[%cal Rc5b4]} 16. b5 {Black has an edge.} Be7 $1 17. Ne2 O-O $1 {[#]} 18. Nf4 $146 (18. Ng3 $15) ({Predecessor:} 18. Qc2 Re8 19. Ng3 Nb4 20. Bxb4 cxb4 21. Be2 b3 22. Qd3 Bxc4 23. Qxc4 Qa5+ 24. Kf1 {0-1 (41) Roubalik,J (2402)-Georgiev,K (2593) Arad 2018}) 18... Re8 $2 (18... Bh4+ $19 19. g3 Nxf4 20. Bxf4 Qf6) 19. Nxe6 $11 Bh4+ 20. g3 {Black must now prevent Kd1.} Rxe6+ 21. Kf2 Bf6 22. Qc2 ({White should play} 22. Bd3 $16) 22... Nb4 {[#]} (22... Bd4+ $11 {keeps the balance.} 23. Kg2 Qe8) 23. Bxb4 $1 $16 Bd4+ 24. Kg2 cxb4 25. Bd3 $36 {[%mdl 2048] White is in control.} g6 26. Rd1 {Threatens to win with Qd2.} Qe7 27. Be4 Bc5 28. Na5 {aiming for Nc6.} Bb6 $1 {[%cal Rb6a5]} 29. Qc8+ ({White should try} 29. Nc6 $14 Qe8 30. Nxb4) 29... Nf8 $1 $11 30. Nc4 Bc5 $2 {[#]} (30... Rxe4 $11 {and Black is okay.} 31. fxe4 (31. Nxb6 $2 Re2+ {[%mdl 64] Double Attack} 32. Kh1 Qe3 $19 {[%mdl 64] Double Attack}) 31... Qxe4+ 32. Kh3 f5) 31. Rd8 $2 (31. Qb7 $1 $18) 31... Kg7 32. Qa8 (32. Rd5 $11 Ba7 33. Kh3) 32... f5 $17 {[%mdl 1024] Black has strong compensation.} 33. Bd5 $2 {[%mdl 8192]} (33. Rxf8 $17 Qxf8 34. Qd5) 33... Re2+ {Black mates.} 34. Kh3 Qg5 {[%cal Rg5h6]} 35. Rd7+ Kh8 {Accuracy: White = 43%, Black = 73%.} 0-1